devinez les pays - Statistiques

Statistiques générales
  • Ce quiz a été pris 158 fois
  • Le résultat moyen est 14 sur 15
Statistiques - réponses
Hint Réponse % Correct
aiantw taiwan
99%
mdaacrgaas madagascar
98%
miegba gambie
97%
lvioieb bolivie
96%
tavercp cap-vert
96%
eplan nepal
96%
gtnoa tonga
96%
maapna panama
95%
oiogmnle mongolie
94%
nippphlisei philippines
94%
dunurib burundi
93%
grieego georgie
93%
tianulei lituanie
92%
resyi syrie
92%
nyeem yemen
92%
Aucun quiz correspondant
Distribution des résultats
% des personnes avec chaque résultat
Percentile par nombre de réponses
Votre historique - résultats
Vous n’avez pas pris ce quiz